<?xml version="1.0" encoding="UTF-8"?>
<record
    xmlns:xsi="http://www.w3.org/2001/XMLSchema-instance"
    xsi:schemaLocation="http://www.loc.gov/MARC21/slim http://www.loc.gov/standards/marcxml/schema/MARC21slim.xsd"
    xmlns="http://www.loc.gov/MARC21/slim">

  <leader>00534nam a2200205   4500</leader>
  <controlfield tag="003">SEACOMEC</controlfield>
  <controlfield tag="005">20240524120424.0</controlfield>
  <controlfield tag="008">240110b        |||||||| |||| 00| 0 eng d</controlfield>
  <datafield tag="020" ind1=" " ind2=" ">
    <subfield code="c">Rs,285.00</subfield>
    <subfield code="a">8122403239.</subfield>
  </datafield>
  <datafield tag="040" ind1=" " ind2=" ">
    <subfield code="a">SEACOMEC</subfield>
  </datafield>
  <datafield tag="082" ind1=" " ind2=" ">
    <subfield code="a">515</subfield>
    <subfield code="b">M251</subfield>
  </datafield>
  <datafield tag="100" ind1=" " ind2=" ">
    <subfield code="a">Malik,S.C.</subfield>
  </datafield>
  <datafield tag="245" ind1="1" ind2=" ">
    <subfield code="a">Mathematical analysis</subfield>
    <subfield code="c">S.C. Malik,Savita Arora</subfield>
  </datafield>
  <datafield tag="250" ind1=" " ind2=" ">
    <subfield code="a">2nd ed.</subfield>
  </datafield>
  <datafield tag="260" ind1=" " ind2=" ">
    <subfield code="a">New Delhi</subfield>
    <subfield code="b">New Age</subfield>
    <subfield code="c">2005</subfield>
  </datafield>
  <datafield tag="300" ind1=" " ind2=" ">
    <subfield code="a">xii,903p. : ills.,figs ; 24cm.</subfield>
  </datafield>
  <datafield tag="650" ind1=" " ind2=" ">
    <subfield code="a"> mathematics,Analysis</subfield>
  </datafield>
  <datafield tag="700" ind1=" " ind2=" ">
    <subfield code="a">Arora,Savita</subfield>
  </datafield>
  <datafield tag="942" ind1=" " ind2=" ">
    <subfield code="c">BOOK</subfield>
  </datafield>
  <datafield tag="952" ind1=" " ind2=" ">
    <subfield code="0">0</subfield>
    <subfield code="1">0</subfield>
    <subfield code="2">ddc</subfield>
    <subfield code="4">0</subfield>
    <subfield code="7">0</subfield>
    <subfield code="a">SEACOMEC</subfield>
    <subfield code="b">SEACOMEC</subfield>
    <subfield code="d">2006-06-04</subfield>
    <subfield code="l">0</subfield>
    <subfield code="o">515 M251</subfield>
    <subfield code="p">01452</subfield>
    <subfield code="r">2024-05-24 11:55:41</subfield>
    <subfield code="w">2024-05-24</subfield>
    <subfield code="y">BOOK</subfield>
  </datafield>
  <datafield tag="952" ind1=" " ind2=" ">
    <subfield code="0">0</subfield>
    <subfield code="1">0</subfield>
    <subfield code="2">ddc</subfield>
    <subfield code="4">0</subfield>
    <subfield code="7">0</subfield>
    <subfield code="a">SEACOMEC</subfield>
    <subfield code="b">SEACOMEC</subfield>
    <subfield code="d">2006-06-04</subfield>
    <subfield code="l">0</subfield>
    <subfield code="o">515 M251</subfield>
    <subfield code="p">01453</subfield>
    <subfield code="r">2024-05-24 11:56:17</subfield>
    <subfield code="t">1</subfield>
    <subfield code="w">2024-05-24</subfield>
    <subfield code="y">BOOK</subfield>
  </datafield>
  <datafield tag="952" ind1=" " ind2=" ">
    <subfield code="0">0</subfield>
    <subfield code="1">0</subfield>
    <subfield code="2">ddc</subfield>
    <subfield code="4">0</subfield>
    <subfield code="7">0</subfield>
    <subfield code="a">SEACOMEC</subfield>
    <subfield code="b">SEACOMEC</subfield>
    <subfield code="d">2006-06-04</subfield>
    <subfield code="l">0</subfield>
    <subfield code="o">515 M251</subfield>
    <subfield code="p">01454</subfield>
    <subfield code="r">2024-05-24 11:56:17</subfield>
    <subfield code="t">2</subfield>
    <subfield code="w">2024-05-24</subfield>
    <subfield code="y">BOOK</subfield>
  </datafield>
  <datafield tag="952" ind1=" " ind2=" ">
    <subfield code="0">0</subfield>
    <subfield code="1">0</subfield>
    <subfield code="2">ddc</subfield>
    <subfield code="4">0</subfield>
    <subfield code="7">0</subfield>
    <subfield code="a">SEACOMEC</subfield>
    <subfield code="b">SEACOMEC</subfield>
    <subfield code="d">2006-06-04</subfield>
    <subfield code="l">0</subfield>
    <subfield code="o">515 M251</subfield>
    <subfield code="p">01455</subfield>
    <subfield code="r">2024-05-24 11:56:17</subfield>
    <subfield code="t">3</subfield>
    <subfield code="w">2024-05-24</subfield>
    <subfield code="y">BOOK</subfield>
  </datafield>
  <datafield tag="952" ind1=" " ind2=" ">
    <subfield code="0">0</subfield>
    <subfield code="1">0</subfield>
    <subfield code="2">ddc</subfield>
    <subfield code="4">0</subfield>
    <subfield code="7">0</subfield>
    <subfield code="a">SEACOMEC</subfield>
    <subfield code="b">SEACOMEC</subfield>
    <subfield code="d">2006-06-04</subfield>
    <subfield code="l">0</subfield>
    <subfield code="o">515 M251</subfield>
    <subfield code="p">01456</subfield>
    <subfield code="r">2024-05-24 11:56:17</subfield>
    <subfield code="t">4</subfield>
    <subfield code="w">2024-05-24</subfield>
    <subfield code="y">BOOK</subfield>
  </datafield>
  <datafield tag="952" ind1=" " ind2=" ">
    <subfield code="0">0</subfield>
    <subfield code="1">0</subfield>
    <subfield code="2">ddc</subfield>
    <subfield code="4">0</subfield>
    <subfield code="7">0</subfield>
    <subfield code="a">SEACOMEC</subfield>
    <subfield code="b">SEACOMEC</subfield>
    <subfield code="d">2006-06-04</subfield>
    <subfield code="l">0</subfield>
    <subfield code="o">515 M251</subfield>
    <subfield code="p">01457</subfield>
    <subfield code="r">2024-05-24 11:56:17</subfield>
    <subfield code="t">5</subfield>
    <subfield code="w">2024-05-24</subfield>
    <subfield code="y">BOOK</subfield>
  </datafield>
  <datafield tag="952" ind1=" " ind2=" ">
    <subfield code="0">0</subfield>
    <subfield code="1">0</subfield>
    <subfield code="2">ddc</subfield>
    <subfield code="4">0</subfield>
    <subfield code="7">0</subfield>
    <subfield code="a">SEACOMEC</subfield>
    <subfield code="b">SEACOMEC</subfield>
    <subfield code="d">2006-06-04</subfield>
    <subfield code="l">0</subfield>
    <subfield code="o">515 M251</subfield>
    <subfield code="p">01458</subfield>
    <subfield code="r">2024-05-24 11:56:17</subfield>
    <subfield code="t">6</subfield>
    <subfield code="w">2024-05-24</subfield>
    <subfield code="y">BOOK</subfield>
  </datafield>
  <datafield tag="952" ind1=" " ind2=" ">
    <subfield code="0">0</subfield>
    <subfield code="1">0</subfield>
    <subfield code="2">ddc</subfield>
    <subfield code="4">0</subfield>
    <subfield code="7">0</subfield>
    <subfield code="a">SEACOMEC</subfield>
    <subfield code="b">SEACOMEC</subfield>
    <subfield code="d">2006-06-04</subfield>
    <subfield code="l">0</subfield>
    <subfield code="o">515 M251</subfield>
    <subfield code="p">01459</subfield>
    <subfield code="r">2024-05-24 11:56:17</subfield>
    <subfield code="t">7</subfield>
    <subfield code="w">2024-05-24</subfield>
    <subfield code="y">BOOK</subfield>
  </datafield>
  <datafield tag="952" ind1=" " ind2=" ">
    <subfield code="0">0</subfield>
    <subfield code="1">0</subfield>
    <subfield code="2">ddc</subfield>
    <subfield code="4">0</subfield>
    <subfield code="7">0</subfield>
    <subfield code="a">SEACOMEC</subfield>
    <subfield code="b">SEACOMEC</subfield>
    <subfield code="d">2006-06-04</subfield>
    <subfield code="l">0</subfield>
    <subfield code="o">515 M251</subfield>
    <subfield code="p">01460</subfield>
    <subfield code="r">2024-05-24 11:56:17</subfield>
    <subfield code="t">8</subfield>
    <subfield code="w">2024-05-24</subfield>
    <subfield code="y">BOOK</subfield>
  </datafield>
  <datafield tag="952" ind1=" " ind2=" ">
    <subfield code="0">0</subfield>
    <subfield code="1">0</subfield>
    <subfield code="2">ddc</subfield>
    <subfield code="4">0</subfield>
    <subfield code="7">0</subfield>
    <subfield code="a">SEACOMEC</subfield>
    <subfield code="b">SEACOMEC</subfield>
    <subfield code="d">2006-06-04</subfield>
    <subfield code="l">0</subfield>
    <subfield code="o">515 M251</subfield>
    <subfield code="p">01461</subfield>
    <subfield code="r">2024-05-24 11:56:17</subfield>
    <subfield code="t">9</subfield>
    <subfield code="w">2024-05-24</subfield>
    <subfield code="y">BOOK</subfield>
  </datafield>
  <datafield tag="952" ind1=" " ind2=" ">
    <subfield code="0">0</subfield>
    <subfield code="1">0</subfield>
    <subfield code="2">ddc</subfield>
    <subfield code="4">0</subfield>
    <subfield code="7">0</subfield>
    <subfield code="a">SEACOMEC</subfield>
    <subfield code="b">SEACOMEC</subfield>
    <subfield code="d">2006-09-14</subfield>
    <subfield code="l">0</subfield>
    <subfield code="o">515 M251</subfield>
    <subfield code="p">5490</subfield>
    <subfield code="r">2024-05-24 11:58:52</subfield>
    <subfield code="t">10</subfield>
    <subfield code="w">2024-05-24</subfield>
    <subfield code="y">BOOK</subfield>
  </datafield>
  <datafield tag="952" ind1=" " ind2=" ">
    <subfield code="0">0</subfield>
    <subfield code="1">0</subfield>
    <subfield code="2">ddc</subfield>
    <subfield code="4">0</subfield>
    <subfield code="7">0</subfield>
    <subfield code="a">SEACOMEC</subfield>
    <subfield code="b">SEACOMEC</subfield>
    <subfield code="d">2006-09-14</subfield>
    <subfield code="l">0</subfield>
    <subfield code="o">515 M251</subfield>
    <subfield code="p">5491</subfield>
    <subfield code="r">2024-05-24 11:58:52</subfield>
    <subfield code="t">11</subfield>
    <subfield code="w">2024-05-24</subfield>
    <subfield code="y">BOOK</subfield>
  </datafield>
  <datafield tag="952" ind1=" " ind2=" ">
    <subfield code="0">0</subfield>
    <subfield code="1">0</subfield>
    <subfield code="2">ddc</subfield>
    <subfield code="4">0</subfield>
    <subfield code="7">0</subfield>
    <subfield code="a">SEACOMEC</subfield>
    <subfield code="b">SEACOMEC</subfield>
    <subfield code="d">2006-09-14</subfield>
    <subfield code="l">0</subfield>
    <subfield code="o">515 M251</subfield>
    <subfield code="p">5492</subfield>
    <subfield code="r">2024-05-24 11:58:52</subfield>
    <subfield code="t">12</subfield>
    <subfield code="w">2024-05-24</subfield>
    <subfield code="y">BOOK</subfield>
  </datafield>
  <datafield tag="952" ind1=" " ind2=" ">
    <subfield code="0">0</subfield>
    <subfield code="1">0</subfield>
    <subfield code="2">ddc</subfield>
    <subfield code="4">0</subfield>
    <subfield code="7">0</subfield>
    <subfield code="a">SEACOMEC</subfield>
    <subfield code="b">SEACOMEC</subfield>
    <subfield code="d">2006-09-14</subfield>
    <subfield code="l">0</subfield>
    <subfield code="o">515 M251</subfield>
    <subfield code="p">5493</subfield>
    <subfield code="r">2024-05-24 11:58:52</subfield>
    <subfield code="t">13</subfield>
    <subfield code="w">2024-05-24</subfield>
    <subfield code="y">BOOK</subfield>
  </datafield>
  <datafield tag="952" ind1=" " ind2=" ">
    <subfield code="0">0</subfield>
    <subfield code="1">0</subfield>
    <subfield code="2">ddc</subfield>
    <subfield code="4">0</subfield>
    <subfield code="7">0</subfield>
    <subfield code="a">SEACOMEC</subfield>
    <subfield code="b">SEACOMEC</subfield>
    <subfield code="d">2006-09-14</subfield>
    <subfield code="l">0</subfield>
    <subfield code="o">515 M251</subfield>
    <subfield code="p">5494</subfield>
    <subfield code="r">2024-05-24 11:58:52</subfield>
    <subfield code="t">14</subfield>
    <subfield code="w">2024-05-24</subfield>
    <subfield code="y">BOOK</subfield>
  </datafield>
  <datafield tag="999" ind1=" " ind2=" ">
    <subfield code="c">449</subfield>
    <subfield code="d">449</subfield>
  </datafield>
</record>
